Oswaal CBSE Question Paper-X (Social Science) (Record no. 12789)
[ view plain ]
| 000 -LEADER | |
|---|---|
| fixed length control field | 00269nam a22000977a 4500 |
| 008 - FIXED-LENGTH DATA ELEMENTS--GENERAL INFORMATION | |
| fixed length control field | 250719b |||||||| |||| 00| 0 eng d |
| 020 ## - INTERNATIONAL STANDARD BOOK NUMBER | |
| International Standard Book Number | 9789362390547 |
| 100 ## - MAIN ENTRY--PERSONAL NAME | |
| Personal name | Oswaal |
| 9 (RLIN) | 7599 |
| 245 ## - TITLE STATEMENT | |
| Title | Oswaal CBSE Question Paper-X (Social Science) |
| 260 ## - PUBLICATION, DISTRIBUTION, ETC. (IMPRINT) | |
| Place of publication, distribution, etc. | New Delhi |
| Name of publisher, distributor, etc. | Oswaal |
| Date of publication, distribution, etc. | 2025 |
| Withdrawn status | Lost status | Source of classification or shelving scheme | Damaged status | Koha normalized classification for sorting | Not for loan | Home library | Current library | Shelving location | Date acquired | Total Checkouts | Full call number | Barcode | Checked out | Date last seen | Date last checked out | Price effective from | Koha item type |
|---|---|---|---|---|---|---|---|---|---|---|---|---|---|---|---|---|---|
| Dewey Decimal Classification | OSW_300_000000000000000 | Good Samaritan School Library | Good Samaritan School Library | Social Science | 07/19/2025 | 4 | OSW300 | OSW18120 | 11/05/2025 | 10/29/2025 | 10/29/2025 | 07/19/2025 | BOOK |